Países com mais calvos - Statistics

Estatísticas Gerais
  • Esse quiz foi jogado 167 vezes
  • A pontuação média é 10 de 14
Estatísticas das Respostas
% dos Homens País % Correto
39,04% Estados Unidos
97%
33,29% Rússia
89%
37,42% Canadá
84%
39,10% França
84%
42,60% Espanha
83%
41,24% Alemanha
82%
39,01% Itália
80%
28,28% México
80%
36,06% Reino Unido
78%
26,05% Japão
70%
30,39% Austrália
68%
37,93% Países Baixos
55%
38,84% Polônia
55%
42,79% República Checa
38%
Nenhum quiz correspondente encontrado
Distribuição das Pontuações
Porcentagem de Pessoas com Cada Pontuação
Percentil de Números Respondidos
Sua Pontuação Histórica
Você não jogou esse quiz